000 00785nam a2200253Ia 4500
003 OSt
005 20221005081733.0
006 a|||||r|||| 00| 0
007 ta
008 221004b |||||||| |||| 00| 0 eng d
020 _a9788192563671 (hbk)
_c1950
024 _a12210
037 _b671, 21/03/2014, Anshika Book International Publishers & Distributors
_cTextual
040 _aCRL
_cCRL
_beng
041 _2eng
_aeng
082 _aV2.C, Q3
100 _aRangacharya V
245 0 _aPre historic India
260 _aNew Delhi
_bS.K. Book Agency India
_c2013
300 _axiii,247p.
_ccm.
650 _aHISTORY
942 _hV2.C, Q3
_cTEXL
_2cc
999 _c988180
_d988180